00332nam a2200121 a 450000500170000000800410001702000180005805000230007610000180009924500560011726000300017330000070020320140412111334.0040923s19uu xx 00 eng d a0-590-41360-0 aM 597.31bM17 1995 aMcGovern, Ann aQuestions and answers about sharks /cAnn McGovern. aUSA :bScholastic,c1995. a47